Wszystkie części Harry Potter - Statystyki

Ogólne statystyki
  • Ten quiz został rozwiązany 190 razy
  • Średni wynik to 7 z 8
Statystyki odpowiedzi
L.p. Rok wydania Tytuł % Poprawnych
1. 1997 „Harry Potter i Kamień filozoficzny”
99%
2. 1998 „Harry Potter i Komnata tajemnic”
97%
4. 2000 „Harry Potter i Czara Ognia”
95%
3. 1999 „Harry Potter i Więzień Azkabanu”
94%
7. 2007 „Harry Potter i Insygnia Śmierci”
92%
5. 2003 „Harry Potter i Zakon Feniksa”
92%
6. 2005 „Harry Potter i Książę Półkrwi”
90%
8. 2016 ,,Harry Potter i Przeklęte dziecko"
72%
Nie znaleziono quizów pasujących do podanych kryteriów
Rozkład punktacji
Procent ludzi z każdym wynikiem
Percentyl według liczby udzielonych odpowiedzi
Twoja historia wyników
Nie rozwiązałeś tego quizu